Five great plays of Shakespeare

Saved in:
Bibliografiske detaljer
Institution som forfatter: Shakespeare, William (Author)
Format: Bog
Sprog:engelsk
Udgivet: Londres Longman 1971
Fag:
Tags: Tilføj Tag
Ingen Tags, Vær først til at tagge denne postø!

MARC

LEADER 00000nam a2200000 a 4500
001 UCR3408
003 CL-VaPUC
008 980124e19710000UK |||||||||||||||||eng|d
082 0 4 |a 822  |b SHA  |2 21 
110 2 |a Shakespeare, William  |e author  |9 402266 
245 1 0 |a Five great plays of Shakespeare 
300 |a 138 p 
942 |c BK 
945 |d 19980124 00:00:00  |a aolguin 
260 |a Londres  |b Longman  |c 1971 
650 0 |a Dramas ingleses  |9 269396 
583 |a last modification  |c 19980124 00:00:00  |k Rodrigo Vera 
999 |c 266485  |d 266483 
952 |0 0  |1 0  |4 0  |6 822_000000000000000_SHA_1971  |7 0  |8 R  |9 298100  |a BIBEDU  |b BIBEDU  |c MCIRC  |d 2019-11-20  |i 1937340  |o 822 SHA 1971  |p 1937340  |r 2023-01-13  |w 2019-11-20  |y BK_R  |k LIT